Los servicios de apoyo técnico y su aportación al fortalecimiento del Congreso Mexicano : 1988-2003 /

En este estudio, el autor examina cuáles son aquellos factores que pueden contribuir a que el Poder Legislativo desempeñe, de la mejor manera, las funicones que la Constitución le señala; los alcances políticos que pude tener, la profesionalización de las tareas parlamentarias en el Poder Legislativ...

Olles dieđut

Furkejuvvon:
Bibliográfalaš dieđut
Váldodahkki: Garita, Arturo (autor)
Materiálatiipa: Girji
Giella:espánnjágiella
Almmustuhtton: México : Universidad Iberoamericana : Miguel Angel Porrúa: Congreso de la Unión, Cámara de Senadores, LIX Legislatura, 2005, c2005
Fáttát:
Fáddágilkorat: Lasit fáddágilkoriid
Eai fáddágilkorat, Lasit vuosttaš fáddágilkora!

MARC

LEADER 00000nam^a2200000^a^4500
001 000184465
005 20250521000000.0
009 20260310102116.028
020 |a 970-701-652-3 
037 |a Acervo ITESO - Biblioteca 
041 |a ESP 
082 |a 328. 3609720639  |b GAR 
100 |a Garita, Arturo  |e (autor) 
245 1 4 |a Los servicios de apoyo técnico y su aportación al fortalecimiento del Congreso Mexicano :  |b 1988-2003 /  |c A. Garita. 
264 4 |a México :  |b Universidad Iberoamericana :  |b Miguel Angel Porrúa:  |b Congreso de la Unión, Cámara de Senadores, LIX Legislatura,  |c 2005, c2005 
300 |a 367 p. 
336 |a texto  |b txt  |2 rdacontenido 
337 |a sin mediación  |b n  |2 rdamedio 
338 |a volumen  |b nc  |2 rdasoporte 
520 |a En este estudio, el autor examina cuáles son aquellos factores que pueden contribuir a que el Poder Legislativo desempeñe, de la mejor manera, las funicones que la Constitución le señala; los alcances políticos que pude tener, la profesionalización de las tareas parlamentarias en el Poder Legislativo en México, y cómo ello puede contribuir a consolidar el régimen democrático del país. 
649 |a XX 
650 |a Práctica Parlamentaria -  |z México 
650 |a Partidos Políticos -  |z México -  |x Administración 
650 |a Proceso Legislativo -  |z México -  |x Administración 
650 |a Parlamentarismo -  |z México 
650 |a Poder Legislativo -  |z México -  |x Administración 
650 |a Congreso de la Unión -  |z México 
650 |a Democracia -  |z México 
650 |a Política -  |z México 
650 |a México -  |x Condiciones Jurídicas 
650 |a México -  |x Condiciones Políticas 
910 |a Fondo General 
920 |a Impresos - Libros 
930 |a Colección General 
905 |a 101 
901 |a 0500125258  |b IT1  |c ACC  |u 20250521 
902 |a https://opac.biblio.iteso.mx/vufind/Record/000184465